[Event "TUR-ch U20"]
[Site "Samsun"]
[Date "2023.05.22"]
[Round "6"]
[White "Yilmaz, Oguz"]
[Black "Turker, Esat Tuna"]
[Result "0-1"]
[WhiteElo "1520"]
[BlackElo "1713"]
[PlyCount "82"]
[EventDate "2023.05.19"]
[EventType "swiss"]
[EventRounds "9"]
[EventCountry "TUR"]
[SourceTitle "CBM 214 Extra"]
[Source "ChessBase"]
[SourceDate "2023.07.31"]
[SourceVersion "1"]
[SourceVersionDate "2023.07.31"]
[SourceQuality "1"]

1. e4 c5 2. Nf3 a6 3. c3 e6 4. d4 d5 5. e5 Bd7 6. a4 Nc6 7. Be2 Qb6 8. 0-0 Nge7 9. Na3 h5 10. Rb1 Nf5 11. Be3 Nxe3 12. fxe3 Be7 13. Kh1 h4 14. Qd2 Nd8 15. e4 h3 16. g3 Bc6 17. Qe3 dxe4 18. Nd2 Bd5 19. Nxe4 Nc6 20. Nc2 cxd4 21. cxd4 Nxe5 22. Kg1 Ng6 23. b4 0-0 24. Nc3 Bg2 25. Rf2 Rad8 26. Bf3 Bxf3 27. Rxf3 Bf6 28. a5 Qc6 29. Rbf1 Be7 30. R1f2 Qc4 31. Na4 Bxb4 32. Nb6 Qb5 33. Nxb4 Qxb4 34. d5 exd5 35. Qg5 Qe7 36. Qh5 Qe1+ 37. Rf1 Qxa5 38. Nc4 Qc5+ 39. Ne3 Rde8 40. Qg5 Re5 41. Rf5 Qxe3+ 0-1